01001nam a2200217 a 450000100100000000500170001000800410002702000180006804000250008608200130011110000510012424500760017526000360025130000360028750000710032359000270039495201170042195201110053895201170064999900170076600004757520201002060621.0091113s2017 dr ac 000 0dspa d a9789945167840 aDO-SdBNPbspacBNPHU axxxbO491 aOlivo Cheriz, Bienvenido Nicanord1951-97522110aSánchez :bnotas para su historia /cBienvenido Nicanor Olivo Cheriz. aSanto Domingo :bBúho,c2017. a225 p. :bil., retrs. ;c23 cm. aIncluye datos biográficos del autor en la solapa de la cubierta. aInventariado, 2018/ YL 0010718DSaGRbGRcCTd2018-07-03iLF1l0oxxx O49p47575-30r2020-06-25te. 3w2020-06-25yLFDSZNo se presta 0010718PDaPDbPDcCTd2018-07-03iLF1l0oxxx O49p47575-10r2020-06-25w2020-06-25yLFPDZNo se presta 0010718PDaPDbPDcCTd2018-07-03iLF1l0oxxx O49p47575-20r2020-06-25te. 2w2020-06-25yLFPDZNo se presta c47063d47063